Регионална библиотека "Любен Каравелов" - Русе

Сборник от задачи по теория на статистиката и икономическа статистика (Запис номер 152365)

MARC детайли
000 -Лидер
Контролно поле с фиксирана дължина 02245nam a2200373 c 4500
003 - Код на организацията, давaща контролен номер
Контролно поле BLK
005 - Дата и час на последна редакция
Контролно поле 20180422113139.0
008 - Елементи от данни с фиксирана дължина
fixed length control field 180410b bul|||||r ||||||| ||bul||
010 ## - Наследен системен номер
LC control number KNG00158843000
040 ## - Източник на каталожния запис
Идентификатор на билиотеката - собственик на записа BLK
041 ## - Код за език
Код за езика на текст/звукозапис или на отделно заглавие Български
Код за езика КДБФ Български
080 ## - УДК
Текстов определител УДК Статистиката като наука. Теория на статистиката
УДК код - определител по УДК 311
УДК определител (075.81)
УДК - код + определител 311(075.81)
080 ## - УДК
Текстов определител УДК Статистиката като наука. Теория на статистиката
УДК код - определител по УДК 311
УДК определител :338(075.81)
УДК - код + определител 311:338(075.81)
100 1# - Редна дума - Автор
Автор Мутафов, Никола А.
Авторска отговорност първи автор
R(LIN) 331775
139 ## - Редно поле
Редна дума Сборник от задачи по теория на статистиката и икономическа статистика
Авторски знак Сбо - С 23
245 10 - Сведения за заглавието
Заглавие Сборник от задачи по теория на статистиката и икономическа статистика
Подзаглавни данни За студентите от ВФСИ Д. А. Ценов - Свищов : Ч. 1 -
Редно поле (дума) Никола А. Мутафов; * Асен Хр. Спасов; * Стоян Костов; * Величко Минков Петров; * Георги Н. Николов; * Г. Тодоров; * Любомир Я. Кунш.
Том Ч. 1
257 ## - Страна на издаване
Страна на създаване/издаване България
260 ## - Област на издателските данни
-- Свищов
Име на издателя, разпространителя и проч. ВФСИ Д. А. Ценов
Година на издаване 1982
300 ## - Физическа характеристика
Размери/Мащаб 20 см
380 ## - Жанр
Жанр Обществени науки
500 ## - Общи забележки
Забележка Други авт.: Ас. Спасов, Ст. Костов, В. Петров, Г. Николов, Г. Тодоров, Л. Кунш. - Изд. на ВФСИ Д. А. Ценов - Свищов. Кат. Статистика. - Офс. изд.
700 1# - Други автори (авторска отговорност)
Лично име Спасов, Асен Хр.
Автороска отговорност (Описва отношението между автора и произведението) *
9 (RLIN) 380767
700 1# - Други автори (авторска отговорност)
Лично име Костов, Стоян
Автороска отговорност (Описва отношението между автора и произведението) *
Друга информация Илиев, Стоян Костов
9 (RLIN) 366485
700 1# - Други автори (авторска отговорност)
Лично име Петров, Величко Минков
Автороска отговорност (Описва отношението между автора и произведението) *
9 (RLIN) 380768
700 1# - Други автори (авторска отговорност)
Лично име Николов, Георги Н.
Автороска отговорност (Описва отношението между автора и произведението) *
9 (RLIN) 380769
700 1# - Други автори (авторска отговорност)
Лично име Тодоров, Г.
Автороска отговорност (Описва отношението между автора и произведението) *
9 (RLIN) 380770
700 1# - Други автори (авторска отговорност)
Лично име Кунш, Любомир Я.
Автороска отговорност (Описва отношението между автора и произведението) *
9 (RLIN) 331776
760 1# - Описание на основната серия
Редна дума на основното описание Мутафов, Никола А.
Място на издаване, издател и година 1982
Страници - том 88 с. : с табл.
Забележка - том 2 000 тир.
Заглавие Ч. 1
852 ## - Местоположение
Форматна сигнатура Цб 115325
856 4# - Електронен адрес и достъп
Електронен формат pdf - файл
Път до файла /url/
856 4# - Електронен адрес и достъп
Електронен формат pdf - файл
Път до файла /url/
942 ## - АРТИКУЛИ
Вид на библиотечния материал Книги
Скрит в OPAC Не
944 ## - СЪЗДАВАНЕ И РЕДАКЦИЯ на ЗАПИСА
Създаване/Редакция Създаване
Дата на регистрацията/редакция 31.03.2014
Статус, дата на статуса 31.03.2014 - от С1,Р / 31.03.2014
Служител, извършил регистрацията/редакцията Любка_Николова
944 ## - СЪЗДАВАНЕ И РЕДАКЦИЯ на ЗАПИСА
Създаване/Редакция Редакция
Дата на регистрацията/редакция 16.01.2015
Статус, дата на статуса 31.03.2014 - от С1,Р / 31.03.2014
Служител, извършил регистрацията/редакцията
999 ## - СИСТЕМНИ КОНТРОЛНИ НОМЕРА
Koha biblionumber 152365
Koha biblioitemnumber 152365
Наличности
Код за отписване Код за изгубен артикул Източник на класификационната схема Код за повреда Коз за рестрикции Код за отдаване Артикулен № Име на библиотеката - собственик Име на библиотеката, в която се намира в момента Статус (Текущо местоположение) Дата на вписване в системата Местоположение - отдел Цена в лева Инвентарен номер Систематично азбучна сигнатура Баркод Номер на екземпляра Цена в евро Служебна бележка Служебен тип на артикула
Изтеглен Не е изгубен Universal Decimal Classification Не е повреден без рестрикции заемане за дома 254521 Регионална библиотека "Любен Каравелов" Русе Регионална библиотека "Любен Каравелов" Русе Заемна - подръчен фонд 1982-01-01 Заемна - подръчен фонд 0.00 356283 П 311/М 94 356283 1 0.00 N: стар фонд Дата: 01.01.1982 Книги
  Не е изгубен Universal Decimal Classification Не е повреден само за читалня ползва се в читалня 881553 Регионална библиотека "Любен Каравелов" Русе Регионална библиотека "Любен Каравелов" Русе Хранилище 2022-04-14 Хранилище 0.38 356283 Цб 115325 120000356283   0.19   Книги
Vip Innovations Ltd, Rousse, Bulgaria 2025